000 00562nam a2200157 a 4500
008 060316s1973 ||||||||||||||||| || u
020 _a0721009123
050 _aTP 885.A2 Ric
100 _aRichardson, John George
245 1 0 _aPrecast concrete production
260 _aLondon
_bCement and Concrete Association
_c1973
300 _axii, 232 p. illus.
350 _a0.00
650 _aPRECAST CONCRETE
995 _D0.00
_FCBU-MAIN LIBRARY (Kitwe)
_H1
_I13.50
_UAVAILABLE
_ZAnnex Low-Usage Collection
999 _c54348
_d54348